Más allá de la empatía : (Record no. 167992)

MARC details
000 -CABECERA
campo de control de longitud fija 00949nam a2200265 a 4500
005 - FECHA Y HORA DE LA ÚLTIMA TRANSACCIÓN
campo de control 20241025130213.0
008 - ELEMENTOS DE LONGITUD FIJA--INFORMACIÓN GENERAL
campo de control de longitud fija 140217s2012 mx r 000 0 spa d
020 ## - NÚMERO INTERNACIONAL NORMALIZADO PARA LIBROS
Número Internacional Estándar del Libro 9788433024732
035 ## - NÚMERO DE CONTROL DEL SISTEMA
Número de control de sistema UPN01000195891
049 ## - COLECCIÓN
Colección CG
050 #4 - SIGNATURA TOPOGRÁFICA DE LA BIBLIOTECA DEL CONGRESO
Número de clasificación BF575 E5.5
Número de documento/Ítem E7.5
100 1# - ASIENTO PRINCIPAL--NOMBRE PERSONAL
Nombre de persona Erskine, Richard G.
9 (RLIN) 34993
245 10 - MENCIÓN DE TÍTULO
Título Más allá de la empatía :
Resto del título una terapia de contacto-en-la-relación /
Mención de responsabilidad, etc. Richard G. Erskine, Janet P. Moursund, Rebecca L. Trautmann.
260 ## - PUBLICACIÓN, DISTRIBUCIÓN, ETC.
Lugar de publicación, distribución, etc. Bilbao, Esp. :
Nombre del editor, distribuidor, etc. Desclée de Brouwer,
Fecha de publicación, distribución, etc. 2012.
300 ## - DESCRIPCIÓN FÍSICA
Extensión 487 p. :
Otras características físicas figs.
440 #0 - MENCIÓN DE SERIE/ASIENTO SECUNDARIO--TÍTULO
Título Serendipity.
Nombre de parte o sección de la obra Maior ;
Designación de volumen o secuencia 43
534 ## - NOTA SOBRE LA VERSIÓN ORIGINAL
Frase introductoria Título original:
Mención de título del original Beyond empathy : a therapy of contact-in-relationship
650 #2 - ASIENTO SECUNDARIO DE MATERIA - TERMINO TEMATICO
Término de materia o nombre geográfico como elemento de entrada Empatía
9 (RLIN) 14918
650 #4 - ASIENTO SECUNDARIO DE MATERIA - TERMINO TEMATICO
Término de materia o nombre geográfico como elemento de entrada Psicoterapia
Subdivisión de forma Estudio de casos
9 (RLIN) 22842
650 #4 - ASIENTO SECUNDARIO DE MATERIA - TERMINO TEMATICO
Término de materia o nombre geográfico como elemento de entrada RELACIONES OBJETALES (PSICOANALISIS)
9 (RLIN) 22843
700 1# - ASIENTO SECUNDARIO--NOMBRE DE PERSONAL
Nombre de persona Moursund, Janet P.,
Término indicativo de función/relación coaut.
700 1# - ASIENTO SECUNDARIO--NOMBRE DE PERSONAL
Nombre de persona Trautmann, Rebecca L.,
Término indicativo de función/relación coaut.
905 ## - TIPO DE MATERIAL
Tipo de material Libro
Holdings
Estado de retiro Estado de pérdida Fuente del sistema de clasificación o colocación Estado dañado No para préstamo Código de colección Localización permanente Ubicación/localización actual Ubicación en estantería Total de préstamos Clasificación Código de barras Fecha visto por última vez Número de copia Tipo de ítem Koha Fecha de adquisición Renovaciones totales Fecha del último préstamo
    Library of Congress Classification     Colección General Bib. Gregorio Torres Quintero Bib. Gregorio Torres Quintero Planta baja 1 BF575 E5.5 E7.5 295076 31/12/2020 1 Libro      
    Library of Congress Classification     Colección General Bib. Gregorio Torres Quintero Bib. Gregorio Torres Quintero Planta baja 2 BF575 E5.5 E7.5 295074 27/11/2023 1 Libro 08/11/2023 1 08/11/2023
    Library of Congress Classification     Colección General Bib. Gregorio Torres Quintero Bib. Gregorio Torres Quintero Planta baja 3 BF575 E5.5 E7.5 295075 31/12/2020 1 Libro